=LDR 00000nam 2200000 4500 =001 INLIS000000000005186 =005 20251009094038 =035 ##$$a 0010-1025000241 =007 ta =008 251009###########################0#ind## =082 ##$$a 306.85 =084 ##$$a 306.85 BAD s =100 #$$a Badan Koordinasi Keluarga Berencana Nasional =245 1#$$a Suatu Konsep Dasar Tentang Pokok-Pokok Materi Keluarga Kecil Sejahtera /$c Badan Koordinasi Keluarga Berencana Nasional =260 ##$$a Jakarta :$b Badan Koordinasi Keluarga Berencana Nasional,$c 1991 =300 ##$$a 25 Hal : $b Ilus ; $c 21 =650 #4$$a Keluarga Berencana =856 ##$$a Perpustakaan Kemendukbangga